Handbook of Switchgears

Switchgears are the switching devices that form the backbone of modern electrical distribution systems. The Handbook of Switchgears offers electrical power engineers and technicians a one-stop guide to the basic design, operation, and protection of switchgears, including circuit breakers, transforme...

Πλήρης περιγραφή

Αποθηκεύτηκε σε:
Λεπτομέρειες βιβλιογραφικής εγγραφής
Συγγραφή απο Οργανισμό/Αρχή: Bharat Heavy Electricals Limited
Μορφή: Βιβλίο
Γλώσσα:Undetermined
Έκδοση: New York McGraw-Hill 2007
Θέματα:
Ετικέτες: Προσθήκη ετικέτας
Δεν υπάρχουν, Καταχωρήστε ετικέτα πρώτοι!
Thư viện lưu trữ: Trung tâm Học liệu Trường Đại học Cần Thơ
LEADER 00940nam a2200205Ia 4500
001 CTU_138287
008 210402s9999 xx 000 0 und d
020 |c 88.11 
082 |a 621.317 
082 |b B575 
110 |a Bharat Heavy Electricals Limited 
245 0 |a Handbook of Switchgears 
245 0 |c Bharat Heavy Electricals Limited 
260 |a New York 
260 |b McGraw-Hill 
260 |c 2007 
520 |a Switchgears are the switching devices that form the backbone of modern electrical distribution systems. The Handbook of Switchgears offers electrical power engineers and technicians a one-stop guide to the basic design, operation, and protection of switchgears, including circuit breakers, transformers, relays, switches, and fuses 
650 |a Electric switchgear,Cơ cấu đóng mạch điện 
904 |i Nguyễn Thị Kiều Đượm 
980 |a Trung tâm Học liệu Trường Đại học Cần Thơ